00713nam a2200181 a 450000100100000000500170001000800410002704000250006810000260009324500920011926000390021130000200025050000700027050000420034050400270038295201050040999900170051400003896720201002031436.0130509s2000 dr 000 0 spa d aDO-SdBNPbspacBNPHU1 aSalazar, Manuel9245410aReformas constitucionales y constituyentes en la historia dominicana /cManuel Salazar. aSanto Domingo :bMediabyte,c2000. a48 p. ;c22 cm. aIncluye datos biográficos del autor en la solapa de la cubierta aIncluye notas al pie de las páginas aBibliografía : p. 48 0010718PDaPDbPDcCTd2013-05-09iLF1l0o p38967-10r2020-06-25w2020-06-25yLFPDZNo se presta c38457d38457